[Event "TCh-CHN 2019"]
[Site "China CHN"]
[Date "2019.07.26"]
[Round "10.2"]
[Board "4"]
[White "Xiao, Yiyi"]
[Black "Tan, Zhongyi"]
[Result "0-1"]
[WhiteTitle "WFM"]
[BlackTitle "GM"]
[WhiteElo "2306"]
[BlackElo "2502"]
[WhiteTeam "Zhihui Sports chess team of Tianjin"]
[BlackTeam "Chongqing Sports lottery chess team"]
[WhiteFideId "8606161"]
[BlackFideId "8603642"]
[EventDate "2019.04.09"]

1. d4 Nf6 2. c4 e6 3. g3 d5 4. Bg2 Bb4+ 5. Nd2 O-O 6. Nf3 b6 7. O-O Bb7 8. Ne5
Nbd7 9. Qc2 c5 10. cxd5 Nxd5 11. Nxd7 Qxd7 12. a3 Bxd2 13. Qxd2 Nf6 14. dxc5
Bxg2 15. Qxd7 Nxd7 16. Kxg2 Nxc5 17. b4 Ne4 18. Rd1 Rfc8 19. Be3 Kf8 20. Bd4 f6
21. f3 Ng5 22. h4 Nf7 23. a4 Rc6 24. a5 Rd8 25. Bf2 Rxd1 26. Rxd1 Nd6 27. axb6
axb6 28. Ra1 h5 29. Ra8+ Kf7 30. Rb8 Nc4 31. Rb7+ Kg8 32. g4 hxg4 33. fxg4 Rd6
34. Rc7 Ne5 35. g5 fxg5 36. hxg5 Kh7 37. e4 Kg6 38. Rb7 Kxg5 39. Bxb6 g6 40.
Be3+ Kg4 41. Kf2 Ra6 42. Bd4 Nf3 43. Bc5 Ng5 44. Ke3 e5 45. b5 Ra4 46. b6 Rxe4+
47. Kd3 Ne6 48. Be7 Rd4+ 49. Ke3 Nf4 50. Bc5 Nd5+ 51. Ke2 Rc4 52. Bg1 Rc1 53.
Bf2 Rc2+ 54. Ke1 Nf4 55. Rd7 Re2+ 56. Kf1 Kf3 57. Be1 Rb2 58. b7 e4 59. Kg1 e3
60. Re7 g5 61. Rg7 g4 62. Bh4 Ne2+ 63. Kh1 Ng3+ 0-1

[Event "TCh-CHN 2019"]
[Site "China CHN"]
[Date "2019.07.26"]
[Round "10.2"]
[Board "5"]
[White "Khotenashvili, Bela"]
[Black "Lei, Tingjie"]
[Result "0-1"]
[WhiteTitle "GM"]
[BlackTitle "GM"]
[WhiteElo "2446"]
[BlackElo "2483"]
[WhiteTeam "Zhihui Sports chess team of Tianjin"]
[BlackTeam "Chongqing Sports lottery chess team"]
[WhiteFideId "13602640"]
[BlackFideId "8605114"]
[EventDate "2019.04.09"]

1. c4 e6 2. Nf3 d5 3. g3 Nf6 4. Bg2 Be7 5. O-O O-O 6. b3 b6 7. cxd5 Nxd5 8. Bb2
Bb7 9. d4 Nd7 10. Re1 N5f6 11. Nc3 c5 12. e4 cxd4 13. Nxd4 Bc5 14. Re2 Ne5 15.
Rd2 Qe7 16. Qe2 Rfd8 17. Rad1 Rac8 18. Na4 Bb4 19. Rc2 Ba6 20. Nb5 Rxd1+ 21.
Qxd1 Rd8 22. Qa1 Nd3 23. Bxf6 gxf6 24. Nd4 Ne5 25. f4 Qd6 26. Ne2 Qd3 27. Qc1
Nf3+ 28. Bxf3 Qxf3 29. Nec3 b5 30. Rf2 Qd3 31. a3 bxa4 32. axb4 Rc8 0-1

[Event "TCh-CHN 2019"]
[Site "China CHN"]
[Date "2019.07.26"]
[Round "10.3"]
[Board "1"]
[White "Nie, Xinyang"]
[Black "Xu, Yi"]
[Result "1/2-1/2"]
[BlackTitle "GM"]
[WhiteElo "2348"]
[BlackElo "2542"]
[WhiteTeam "Chongqing Jiulongpo Yucai Chess team"]
[BlackTeam "China Mobil Shanghai Chess Club"]
[WhiteFideId "8607222"]
[BlackFideId "8605564"]
[EventDate "2019.04.09"]

1. d4 Nf6 2. Nf3 d5 3. c4 e6 4. Nc3 a6 5. cxd5 exd5 6. Bg5 Be6 7. e3 Nbd7 8. Bd3
Bd6 9. O-O c6 10. Bf4 Qc7 11. Bxd6 Qxd6 12. Qc2 O-O 13. Na4 Bg4 14. Nd2 Rfe8 15.
Rfc1 Bh5 16. Nc5 Nxc5 17. Qxc5 Qxc5 18. Rxc5 Bg6 19. Bf1 a5 20. b3 Re7 21. a3
Ne8 22. Rcc1 Nd6 23. b4 f6 24. bxa5 Rxa5 25. a4 Re8 26. Nb3 Ra7 27. a5 Rc8 28.
Nc5 Rca8 29. a6 b5 30. g4 Nc4 31. Ra2 1/2-1/2

[Event "TCh-CHN 2019"]
[Site "China CHN"]
[Date "2019.07.26"]
[Round "10.3"]
[Board "3"]
[White "Naiditsch, Arkadij"]
[Black "Ni, Hua"]
[Result "1/2-1/2"]
[WhiteTitle "GM"]
[BlackTitle "GM"]
[WhiteElo "2617"]
[BlackElo "2669"]
[WhiteTeam "Chongqing Jiulongpo Yucai Chess team"]
[BlackTeam "China Mobil Shanghai Chess Club"]
[WhiteFideId "4650891"]
[BlackFideId "8601160"]
[EventDate "2019.04.09"]

1. e4 e5 2. Nf3 Nf6 3. Nxe5 d6 4. Nf3 Nxe4 5. d4 d5 6. Bd3 Bd6 7. O-O O-O 8. c4
c6 9. Nc3 Nxc3 10. bxc3 dxc4 11. Bxc4 Bf5 12. Re1 Nd7 13. Bg5 Qa5 14. Nh4 Nb6
15. Bb3 Be6 16. Bd2 Rfe8 17. Bxe6 Rxe6 18. Rxe6 fxe6 19. c4 Qa4 20. Qxa4 Nxa4
21. Re1 Rd8 22. Nf3 c5 23. dxc5 Nxc5 24. Be3 Nd3 25. Rd1 Nb2 26. Rd4 Bc7 27.
Rxd8+ Bxd8 28. Bxa7 Nxc4 29. Kf1 Kf7 30. Ke2 e5 31. Nd2 Nxd2 32. Kxd2 Ke6 33.
Kd3 Kd5 34. f3 b5 1/2-1/2

[Event "TCh-CHN 2019"]
[Site "China CHN"]
[Date "2019.07.26"]
[Round "10.3"]
[Board "4"]
[White "Ju, Wenjun"]
[Black "Javakhishvili, Lela"]
[Result "1/2-1/2"]
[WhiteTitle "GM"]
[BlackTitle "IM"]
[WhiteElo "2580"]
[BlackElo "2463"]
[WhiteTeam "China Mobil Shanghai Chess Club"]
[BlackTeam "Chongqing Jiulongpo Yucai Chess team"]
[WhiteFideId "8603006"]
[BlackFideId "13601458"]
[EventDate "2019.04.09"]

1. d4 e6 2. c4 b6 3. e4 Bb4+ 4. Bd2 Bxd2+ 5. Qxd2 d5 6. Bd3 Ba6 7. Na3 Ne7 8.
Ne2 O-O 9. O-O c5 10. exd5 exd5 11. Rfd1 cxd4 12. Nxd4 Bb7 13. Nf3 Nd7 14. Qf4
Nf6 15. Nb5 a6 16. Nd6 Qb8 17. Qg3 dxc4 18. Bxc4 Bd5 19. Bxd5 Nfxd5 20. Rd2 Rd8
21. Ne4 Qxg3 22. hxg3 Nb4 23. Nd6 Nbd5 24. Ne4 Nb4 25. Nd6 Nbd5 26. Ne4 1/2-1/2

[Event "TCh-CHN 2019"]
[Site "China CHN"]
[Date "2019.07.26"]
[Round "10.4"]
[Board "2"]
[White "Cheparinov, Ivan"]
[Black "Xiang, Zeyu"]
[Result "1/2-1/2"]
[WhiteTitle "GM"]
[BlackTitle "IM"]
[WhiteElo "2687"]
[BlackElo "2446"]
[WhiteTeam "Guangdong Shenzhen Longgang Chess team"]
[BlackTeam "Hangzhou Hongda team"]
[WhiteFideId "2905540"]
[BlackFideId "8608547"]
[EventDate "2019.04.09"]

1. e4 e5 2. Nf3 Nc6 3. Bc4 Bc5 4. c3 Nf6 5. d4 exd4 6. e5 d5 7. Bb5 Ne4 8. cxd4
Bb6 9. Nc3 O-O 10. Be3 Bg4 11. h3 Bh5 12. Qc2 Bg6 13. Qb3 Ne7 14. O-O c6 15. Bd3
Nxc3 16. Qxc3 f6 17. exf6 Rxf6 18. Ne5 Bxd3 19. Qxd3 Qd6 20. a4 a5 21. f4 Nf5
22. Bf2 Qb4 23. Rfd1 Re8 24. g3 Rff8 25. Qa3 Qe7 26. Qxe7 Rxe7 27. h4 Rc8 28. h5
g6 29. hxg6 hxg6 30. Ra3 Kg7 31. Rb3 Ba7 32. Kg2 Rh8 33. g4 Nd6 34. Be1 Nc4 35.
Bg3 Bb8 36. Re1 Nd6 37. Rbe3 Ne4 38. Rxe4 dxe4 39. Rxe4 Ree8 40. Be1 Bc7 41. Bc3
Kg8 42. Re1 Re6 43. Kg3 Rh7 44. Rf1 Rhe7 45. Rh1 Rh7 46. Rf1 Rhe7 47. Rh1 Rh7
48. Rxh7 Kxh7 49. Kf3 Rd6 50. Ke4 Kg7 51. Nc4 Rd5 52. Ne3 Rd7 53. d5+ Kf7 54.
dxc6 bxc6 55. Nc4 Rd5 56. Ne3 Rd7 57. Nc4 Rd5 58. f5 gxf5+ 59. gxf5 Ke8 60. Ne3
Rd7 61. Nc4 Rd5 62. Bd4 Rd8 63. Ne3 Rb8 64. Bc3 Rd8 65. Bf6 Rb8 66. Bc3 Rd8 67.
Ng4 Rd1 68. Ne5 Bxe5 69. Kxe5 Kf7 70. Ke4 Ra1 71. Kd4 Rxa4+ 72. Kc5 Rf4 73. Kxc6
Rxf5 74. b3 Ke6 75. Kb6 Rf3 76. Bxa5 Kd5 77. b4 Rf6+ 78. Kb5 Ke5 1/2-1/2

[Event "TCh-CHN 2019"]
[Site "China CHN"]
[Date "2019.07.26"]
[Round "10.4"]
[Board "3"]
[White "Xu, Yinglun"]
[Black "Lin, Yi"]
[Result "1/2-1/2"]
[WhiteTitle "GM"]
[BlackTitle "IM"]
[WhiteElo "2555"]
[BlackElo "2415"]
[WhiteTeam "Guangdong Shenzhen Longgang Chess team"]
[BlackTeam "Hangzhou Hongda team"]
[WhiteFideId "8604940"]
[BlackFideId "8609659"]
[EventDate "2019.04.09"]

1. c4 Nf6 2. Nc3 c5 3. Nf3 d5 4. cxd5 Nxd5 5. g3 g6 6. Bg2 Bg7 7. h4 Nc6 8. h5
Bf5 9. a3 c4 10. Qa4 Nb6 11. Qd1 Qd7 12. b4 O-O-O 13. Bb2 Bf6 14. Na4 Nxa4 15.
Bxf6 exf6 16. Qxa4 Rhe8 17. O-O Nd4 18. Qxa7 Nxe2+ 19. Kh2 Be4 20. Rfe1 Bd5 21.
a4 Qc7 22. Bh3+ f5 23. Ng1 Nf4 24. Rxe8 Rxe8 25. Qd4 Nxh3 26. Nxh3 Qe5 27. Qxe5
Rxe5 28. Nf4 g5 29. Nxd5 Rxd5 30. Rc1 Rxd2 31. Rxc4+ Kd7 32. Kg2 Ra2 33. a5 Rb2
34. Rc5 Rxb4 35. Rxf5 Ke7 36. Rxg5 b6 37. h6 Kf6 38. Rd5 bxa5 39. Rxa5 Kg6 40.
Ra6+ f6 41. f3 Rb2+ 42. Kh3 Rb1 43. g4 Rh1+ 44. Kg3 Rxh6 45. f4 Rh1 46. g5 h6 1/2-1/2

[Event "TCh-CHN 2019"]
[Site "China CHN"]
[Date "2019.07.26"]
[Round "10.4"]
[Board "4"]
[White "Zhou, Zirun"]
[Black "Li, Xueyi"]
[Result "1/2-1/2"]
[BlackTitle "WGM"]
[WhiteElo "2124"]
[BlackElo "2296"]
[WhiteTeam "Hangzhou Hongda team"]
[BlackTeam "Guangdong Shenzhen Longgang Chess team"]
[WhiteFideId "8610975"]
[BlackFideId "8605912"]
[EventDate "2019.04.09"]

1. d4 d5 2. c4 e6 3. Nf3 Nf6 4. Nc3 c6 5. e3 a6 6. Bd3 Nbd7 7. O-O dxc4 8. Bxc4
b5 9. Bd3 c5 10. dxc5 Bxc5 11. Ne4 Be7 12. Nxf6+ Nxf6 13. e4 Bb7 14. Qe2 O-O 15.
Rd1 Qc7 16. Bg5 Rad8 17. a4 bxa4 18. Rxa4 h6 19. Bh4 Bc6 20. Rxa6 Bxe4 21. Bxe4
Rxd1+ 22. Qxd1 Nxe4 23. Bxe7 Qxe7 24. Qc2 Nf6 25. h3 e5 26. Qc3 e4 27. Nd4 Qd7
28. Nc6 Qd1+ 29. Kh2 Re8 30. Qc5 Qd2 31. Ne7+ Kh8 32. b4 Qd8 33. Nf5 Qb8+ 34.
Qd6 Kg8 35. g3 e3 36. Qxb8 Rxb8 37. fxe3 Nd5 1/2-1/2

[Event "TCh-CHN 2019"]
[Site "China CHN"]
[Date "2019.07.26"]
[Round "10.4"]
[Board "5"]
[White "Zhao, Shengxin"]
[Black "Ushenina, Anna"]
[Result "1-0"]
[WhiteTitle "WFM"]
[BlackTitle "GM"]
[WhiteElo "2093"]
[BlackElo "2416"]
[WhiteTeam "Hangzhou Hongda team"]
[BlackTeam "Guangdong Shenzhen Longgang Chess team"]
[WhiteFideId "8608040"]
[BlackFideId "14110911"]
[EventDate "2019.04.09"]

1. d4 Nf6 2. c4 e6 3. g3 d5 4. Bg2 dxc4 5. Nf3 Bd7 6. Ne5 Bc6 7. Nxc6 Nxc6 8.
Qa4 Qd7 9. O-O Nxd4 10. Qxc4 b5 11. Qd3 Rd8 12. Be3 Nf5 13. Qxd7+ Nxd7 14. Bxa7
c5 15. Nc3 Nd6 16. a4 bxa4 17. Rxa4 Rc8 18. Rd1 Be7 19. Ra6 O-O 20. Ne4 Nb8 21.
Raxd6 Bxd6 22. Nxd6 Rc7 23. Bb6 Rd7 24. Bxc5 Na6 25. b4 h6 26. Ra1 Nxc5 27. bxc5
Rb8 28. Ra8 Rxa8 29. Bxa8 Kf8 30. Kg2 Ke7 31. Nb5 Rd2 32. c6 Kd8 33. Bb7 1-0

[Event "TCh-CHN 2019"]
[Site "China CHN"]
[Date "2019.07.26"]
[Round "10.5"]
[Board "1"]
[White "Ganguly, Surya Shekhar"]
[Black "Yu, Yangyi"]
[Result "0-1"]
[WhiteTitle "GM"]
[BlackTitle "GM"]
[WhiteElo "2633"]
[BlackElo "2738"]
[WhiteTeam "Jiangsu team"]
[BlackTeam "Beijing team"]
[WhiteFideId "5002150"]
[BlackFideId "8603820"]
[EventDate "2019.04.09"]

1. e4 c5 2. Nf3 Nc6 3. Nc3 e6 4. d4 cxd4 5. Nxd4 Nf6 6. Nxc6 bxc6 7. e5 Nd5 8.
Ne4 c5 9. Be2 Bb7 10. O-O Qc7 11. f4 c4 12. Kh1 Be7 13. Qd4 O-O 14. Bxc4 Rac8
15. Bb3 f5 16. exf6 Nxf6 17. Nxf6+ Bxf6 18. Qg1 Be4 19. c3 a5 20. Be3 Qc6 21.
Bd4 Bxd4 22. cxd4 a4 23. Bd1 Qb5 24. b3 a3 25. Bf3 Rxf4 26. Bxe4 Rxe4 27. Qf2 h6
28. h3 Re2 29. Qf7+ Kh7 30. Rf4 Rg8 31. Raf1 Rxa2 32. Rg4 Kh8 33. Rf6 Ra1+ 34.
Kh2 Qb8+ 35. g3 Ra2+ 36. Kg1 Qe8 37. Rxg7 Qxf7 38. Rgxf7 Rxg3+ 39. Kf1 Rb2 40.
Rxd7 a2 41. Ra7 Kg8 42. Rxe6 Rg7 43. Ra8+ Kh7 0-1

[Event "TCh-CHN 2019"]
[Site "China CHN"]
[Date "2019.07.26"]
[Round "10.5"]
[Board "3"]
[White "Lin, Chen"]
[Black "Nguyen, Ngoc Truong Son"]
[Result "1/2-1/2"]
[WhiteTitle "GM"]
[BlackTitle "GM"]
[WhiteElo "2489"]
[BlackElo "2641"]
[WhiteTeam "Jiangsu team"]
[BlackTeam "Beijing team"]
[WhiteFideId "8602298"]
[BlackFideId "12401110"]
[EventDate "2019.04.09"]

1. e4 c5 2. Nf3 Nc6 3. c3 Nf6 4. e5 Nd5 5. d4 cxd4 6. cxd4 d6 7. Bc4 e6 8. O-O
Be7 9. Bxd5 exd5 10. Bf4 O-O 11. Nc3 Be6 12. Re1 dxe5 13. Nxe5 Rc8 14. Nxc6 Rxc6
15. Qf3 Bb4 16. Re3 Qf6 17. Qg3 Rfc8 18. h3 h5 19. Be5 Qh6 20. Bf4 Qf6 21. Be5
Qh6 22. Bf4 Qf6 23. Be5 1/2-1/2

[Event "TCh-CHN 2019"]
[Site "China CHN"]
[Date "2019.07.26"]
[Round "10.5"]
[Board "4"]
[White "Pham, Le Thao Nguyen"]
[Black "Guo, Qi"]
[Result "1/2-1/2"]
[WhiteTitle "IM"]
[BlackTitle "IM"]
[WhiteElo "2366"]
[BlackElo "2406"]
[WhiteTeam "Beijing team"]
[BlackTeam "Jiangsu team"]
[WhiteFideId "12401226"]
[BlackFideId "8604002"]
[EventDate "2019.04.09"]

1. d4 d5 2. Nf3 Nf6 3. Bf4 c5 4. e3 Nc6 5. Nbd2 Qb6 6. dxc5 Qxb2 7. Rb1 Qc3 8.
Bb5 e6 9. O-O Be7 10. Nd4 Qxc5 11. N2b3 Qb6 12. Nd2 Qc5 13. N2b3 Qb6 14. Nd2 Qc5
15. N2b3 Qb6 16. Nd2 1/2-1/2

[Event "TCh-CHN 2019"]
[Site "China CHN"]
[Date "2019.07.26"]
[Round "10.5"]
[Board "5"]
[White "Song, Yuxin"]
[Black "Shen, Yang"]
[Result "0-1"]
[WhiteTitle "WIM"]
[BlackTitle "IM"]
[WhiteElo "2299"]
[BlackElo "2402"]
[WhiteTeam "Beijing team"]
[BlackTeam "Jiangsu team"]
[WhiteFideId "8614300"]
[BlackFideId "8603162"]
[EventDate "2019.04.09"]

1. d4 d5 2. c4 c6 3. cxd5 cxd5 4. Bf4 Nc6 5. e3 Nf6 6. Nc3 a6 7. Bd3 g6 8. h3
Bg7 9. Nf3 O-O 10. O-O b5 11. Rc1 Bb7 12. a4 b4 13. Nb1 Nd7 14. Nbd2 e5 15. dxe5
Ndxe5 16. Nxe5 Nxe5 17. Bxe5 Bxe5 18. Qb3 Qb6 19. Nf3 Bf6 20. Rfd1 Rac8 21. Rxc8
Rxc8 22. Bb1 a5 23. Ba2 Qc7 24. Nd4 Qc4 25. Qxc4 dxc4 26. Rc1 Bxd4 27. exd4 Bd5
28. f3 f6 29. Kf2 Kf7 30. Bb1 Ke7 31. g4 Kd6 32. Ke3 Re8+ 33. Kf2 Be6 34. Be4
Rc8 35. f4 Bd7 36. f5 gxf5 37. gxf5 Bxa4 38. Ke3 c3 39. h4 Re8 40. bxc3 Bc6 41.
cxb4 Rxe4+ 42. Kd3 Rxh4 43. bxa5 Rh1 44. Rc2 h5 45. Ke3 Rh3+ 46. Kd2 Rh2+ 47.
Kc3 Rxc2+ 48. Kxc2 h4 49. a6 h3 50. a7 h2 0-1

[Event "TCh-CHN 2019"]
[Site "China CHN"]
[Date "2019.07.26"]
[Round "10.6"]
[Board "2"]
[White "Zhao, Yuanhe"]
[Black "Xu, Minghui"]
[Result "1/2-1/2"]
[WhiteElo "2470"]
[BlackElo "2406"]
[WhiteTeam "Chengdu Beilei Youth Chess Club"]
[BlackTeam "Zhejiang team"]
[WhiteFideId "8609497"]
[BlackFideId "8606790"]
[EventDate "2019.04.09"]

1. Nf3 d5 2. g3 g6 3. Bg2 Bg7 4. d4 Nf6 5. O-O O-O 6. c4 c6 7. Nc3 dxc4 8. a4 a5
9. e4 Na6 10. Qe2 Nb4 11. Rd1 Bg4 12. Be3 Qb6 13. Qxc4 Nc2 14. e5 Nd7 15. Nd5
cxd5 16. Qxc2 Rfc8 17. Qd2 Qb3 18. Ra3 Qc2 19. Qxc2 Rxc2 20. Rb3 b6 21. Ra1 Bxf3
22. Bxf3 e6 23. Bd1 Rc7 24. Be2 Bf8 25. Bd2 Be7 26. Bb5 Nb8 27. Kf1 Na6 28. Rb1
Nb4 29. Rc3 Raa7 30. Rbc1 Bd8 31. Ke2 Na2 32. Rxc7 Rxc7 33. Ra1 Nb4 34. Bxb4
axb4 35. Kd2 Be7 1/2-1/2

[Event "TCh-CHN 2019"]
[Site "China CHN"]
[Date "2019.07.26"]
[Round "10.6"]
[Board "4"]
[White "Zhu, Jiner"]
[Black "Li, Yunshan"]
[Result "1-0"]
[WhiteTitle "WIM"]
[BlackTitle "WFM"]
[WhiteElo "2461"]
[BlackElo "2287"]
[WhiteTeam "Zhejiang team"]
[BlackTeam "Chengdu Beilei Youth Chess Club"]
[WhiteFideId "8608059"]
[BlackFideId "8607664"]
[EventDate "2019.04.09"]

1. e4 e5 2. Nf3 Nf6 3. Nxe5 d6 4. Nf3 Nxe4 5. Nc3 Nf6 6. d4 Be7 7. Bd3 O-O 8.
O-O Nc6 9. h3 Nb4 10. Be2 Bf5 11. a3 Nbd5 12. Nxd5 Nxd5 13. c4 Nf6 14. d5 c6 15.
Nd4 Bd7 16. dxc6 bxc6 17. Bf3 Rc8 18. Qd3 g6 19. Re1 d5 20. cxd5 Nxd5 21. Bh6
Re8 22. Rad1 Bf6 23. b4 Rxe1+ 24. Rxe1 Ne7 25. g4 c5 26. Nb3 c4 27. Qd6 Be6 28.
Rxe6 Qxd6 29. Rxd6 cxb3 30. Rxf6 b2 31. Be4 Rc1+ 32. Kg2 Re1 33. Bd3 b1=Q 34.
Bxb1 Rxb1 35. Ra6 Nc8 36. Rc6 Nb6 37. Rc7 Ra1 38. Rxa7 f5 39. Rg7+ 1-0

[Event "TCh-CHN 2019"]
[Site "China CHN"]
[Date "2019.07.26"]
[Round "10.6"]
[Board "5"]
[White "Ding, Yixin"]
[Black "Lagno, Kateryna"]
[Result "1/2-1/2"]
[WhiteTitle "WGM"]
[BlackTitle "GM"]
[WhiteElo "2439"]
[BlackElo "2547"]
[WhiteTeam "Zhejiang team"]
[BlackTeam "Chengdu Beilei Youth Chess Club"]
[WhiteFideId "8602972"]
[BlackFideId "14109336"]
[EventDate "2019.04.09"]

1. e4 e5 2. Nf3 Nc6 3. Nc3 Nf6 4. d4 exd4 5. Nxd4 Bb4 6. Nxc6 bxc6 7. Bd3 d5 8.
exd5 O-O 9. O-O cxd5 10. Bg5 c6 11. Qf3 Bd6 12. Ne2 Bg4 13. Bxf6 Bxf3 14. Bxd8
Bxe2 15. Bxe2 Rfxd8 16. Bd3 a5 17. a4 Rab8 18. b3 Bb4 19. g3 g6 20. Kg2 Re8 21.
Rfd1 Kf8 22. Bf1 Bc3 23. Rac1 Re7 24. Rd3 d4 25. Rdd1 f5 26. Bd3 Kg7 27. h4 h5
28. Kf3 Kf6 29. Rb1 Rbe8 30. Rbc1 Bb2 31. Rb1 Bc3 32. Rbc1 Bb2 33. Rb1 1/2-1/2

[Event "TCh-CHN 2019"]
[Site "China CHN"]
[Date "2019.07.27"]
[Round "11.1"]
[Board "2"]
[White "Lu, Shanglei"]
[Black "Liu, Qingnan"]
[Result "1/2-1/2"]
[WhiteTitle "GM"]
[BlackTitle "GM"]
[WhiteElo "2612"]
[BlackElo "2533"]
[WhiteTeam "Zhejiang team"]
[BlackTeam "Shandong Jingzhi team"]
[WhiteFideId "8603332"]
[BlackFideId "8603294"]
[EventDate "2019.04.09"]

1. e4 e5 2. Bc4 Nf6 3. d3 Nc6 4. Nf3 Bc5 5. O-O d6 6. c3 a6 7. Nbd2 Ba7 8. Bb3
O-O 9. h3 Ne7 10. Re1 Ng6 11. Nf1 h6 12. Ng3 c5 13. d4 cxd4 14. cxd4 Re8 15. Be3
Be6 16. Rc1 Bxb3 17. Qxb3 exd4 18. Bxd4 Bxd4 19. Nxd4 d5 20. e5 Nxe5 21. Qxb7
Qb8 22. Qxb8 Raxb8 23. b3 Nd3 24. Rxe8+ Rxe8 25. Rd1 Nf4 26. Kf1 Kf8 27. Ndf5 g6
28. Ne3 Rc8 29. Ne2 Nxe2 30. Kxe2 Rc5 31. b4 Rb5 32. Rb1 Ke7 33. a4 Rb8 34. Kd3
Kd6 35. Kd4 Re8 36. f3 Nh5 37. Nxd5 Re2 38. Nc3 Rxg2 39. b5 axb5 40. axb5 Nf6
41. b6 Nd7 42. b7 Kc7 43. Nd5+ Kb8 44. Ne7 Rd2+ 45. Kc4 Ne5+ 46. Kc5 Rd7 47.
Nc6+ Nxc6 48. Kxc6 Rd3 49. Re1 Rc3+ 50. Kb6 Rb3+ 51. Ka6 1/2-1/2

[Event "TCh-CHN 2019"]
[Site "China CHN"]
[Date "2019.07.27"]
[Round "11.1"]
[Board "3"]
[White "Lan, Zilun"]
[Black "Wen, Yang"]
[Result "0-1"]
[BlackTitle "GM"]
[WhiteElo "2313"]
[BlackElo "2586"]
[WhiteTeam "Zhejiang team"]
[BlackTeam "Shandong Jingzhi team"]
[WhiteFideId "8604193"]
[BlackFideId "8602956"]
[EventDate "2019.04.09"]

1. d4 Nf6 2. Nf3 e6 3. g3 b5 4. Qd3 a6 5. a4 b4 6. Nbd2 a5 7. e4 d5 8. Qe3 dxe4
9. Nxe4 Be7 10. Nxf6+ Bxf6 11. Qe4 Ra7 12. Bb5+ c6 13. Be2 Rd7 14. c3 Bb7 15.
Qc2 Na6 16. Be3 c5 17. O-O bxc3 18. bxc3 cxd4 19. Nxd4 O-O 20. Rfd1 Nc5 21. Bb5
Rxd4 22. cxd4 Qd5 23. Kf1 Nb3 24. Rab1 Nxd4 25. Bxd4 Bxd4 26. Rxd4 Qxd4 27. Rd1
Qg4 28. Rd7 Bd5 29. Bc6 Qh3+ 30. Ke2 Qh5+ 31. Kf1 0-1

[Event "TCh-CHN 2019"]
[Site "China CHN"]
[Date "2019.07.27"]
[Round "11.1"]
[Board "4"]
[White "Ning, Kaiyu"]
[Black "Ding, Yixin"]
[Result "1/2-1/2"]
[WhiteTitle "WIM"]
[BlackTitle "WGM"]
[WhiteElo "2353"]
[BlackElo "2439"]
[WhiteTeam "Shandong Jingzhi team"]
[BlackTeam "Zhejiang team"]
[WhiteFideId "8614750"]
[BlackFideId "8602972"]
[EventDate "2019.04.09"]

1. d4 Nf6 2. c4 e6 3. g3 Bb4+ 4. Bd2 Be7 5. Bg2 d5 6. Nf3 O-O 7. O-O c6 8. Qc2
Nbd7 9. Rd1 b6 10. Bf4 Bb7 11. Ne5 Nh5 12. Bd2 Nhf6 13. cxd5 cxd5 14. Nc6 Bxc6
15. Qxc6 Qc8 16. Qxc8 Raxc8 17. Nc3 Nb8 18. e3 a6 19. Rac1 h6 20. Bf1 Nfd7 21.
f3 Rfd8 22. Kf2 Kf8 23. h4 Rc6 24. Ne2 Rdc8 25. e4 b5 26. exd5 exd5 27. Bh3 Rxc1
28. Rxc1 Rxc1 29. Bxc1 Nb6 30. b3 Nc6 31. Bf4 Nb4 32. Nc1 Nc2 33. Ne2 Nb4 34.
Nc1 Nc2 35. Ne2 Nb4 1/2-1/2

[Event "TCh-CHN 2019"]
[Site "China CHN"]
[Date "2019.07.27"]
[Round "11.1"]
[Board "5"]
[White "Stefanova, Antoaneta"]
[Black "Zhu, Jiner"]
[Result "1/2-1/2"]
[WhiteTitle "GM"]
[BlackTitle "WIM"]
[WhiteElo "2476"]
[BlackElo "2461"]
[WhiteTeam "Shandong Jingzhi team"]
[BlackTeam "Zhejiang team"]
[WhiteFideId "2902257"]
[BlackFideId "8608059"]
[EventDate "2019.04.09"]

1. d4 Nf6 2. Nf3 e6 3. Bg5 d5 4. e3 h6 5. Bh4 Be7 6. Nbd2 O-O 7. Bd3 c5 8. c3
Nbd7 9. O-O b6 10. Ne5 Bb7 11. f4 Ne4 12. Bxe7 Qxe7 13. Bxe4 dxe4 14. Qc2 Nf6
15. Rae1 Rac8 16. g4 cxd4 17. exd4 Qd8 18. Qd1 e3 19. Rxe3 Qd5 20. Ndf3 Qxa2 21.
c4 Qxb2 22. Rb3 Qa2 23. Qd3 b5 24. Rxb5 Bxf3 25. Rxf3 Rfd8 26. g5 Nd7 27. gxh6
Nxe5 28. fxe5 Qa1+ 29. Rb1 Qxd4+ 30. Qxd4 Rxd4 31. Rb7 Rcxc4 32. Rfxf7 Rg4+ 33.
Kf2 Rgf4+ 34. Rxf4 Rxf4+ 35. Kg3 Rf5 36. Rxg7+ Kh8 37. Rxa7 Rxe5 38. Kg4 Rf5 39.
Re7 Rf8 40. Kg5 e5 41. Rxe5 Rg8+ 42. Kh5 Rf8 43. h4 Ra8 44. Re7 Rb8 45. Rf7 Ra8
46. Kg6 Rb8 47. Rh7+ Kg8 48. Rg7+ Kh8 49. Rh7+ Kg8 50. Rg7+ Kh8 51. Rf7 Rb6+ 52.
Kg5 Rb5+ 53. Kg6 Rb6+ 54. Rf6 Rxf6+ 55. Kxf6 1/2-1/2

[Event "TCh-CHN 2019"]
[Site "China CHN"]
[Date "2019.07.27"]
[Round "11.2"]
[Board "3"]
[White "Nguyen, Ngoc Truong Son"]
[Black "Xu, Xiangyu"]
[Result "1/2-1/2"]
[WhiteTitle "GM"]
[BlackTitle "GM"]
[WhiteElo "2641"]
[BlackElo "2582"]
[WhiteTeam "Beijing team"]
[BlackTeam "Chengdu Beilei Youth Chess Club"]
[WhiteFideId "12401110"]
[BlackFideId "8608288"]
[EventDate "2019.04.09"]

1. e4 e5 2. Nf3 Nf6 3. Nxe5 d6 4. Nf3 Nxe4 5. Nc3 Nxc3 6. dxc3 Be7 7. Be3 Nc6 8.
Qd2 Be6 9. O-O-O Qd7 10. Kb1 Bf6 11. h4 O-O-O 12. Nd4 Bxd4 13. cxd4 d5 14. h5 h6
15. f3 Rhe8 16. g4 f6 17. Bd3 Kb8 18. Bf2 Bf7 19. a3 a6 20. b3 Na7 21. Rde1
Rxe1+ 22. Rxe1 Re8 23. Bf5 Qd8 24. Kb2 Nc8 25. Bg3 Ne7 26. Bd3 Nc6 27. Rxe8 Qxe8
28. Qf4 Qe7 29. Bf2 Qe6 30. Bf5 Qe7 31. Qe3 Qd6 32. Be1 Ne7 33. Bd3 Nc6 34. Bd2
Kc8 35. f4 Qe7 36. Qxe7 Nxe7 37. Bb4 Kd8 38. Kc3 Ke8 39. a4 Be6 40. Be2 Nc8 41.
f5 Bf7 42. Kd2 Nd6 43. a5 Kd7 44. Bd3 Bg8 45. Bc5 Bf7 46. Kc3 Bg8 47. Kb4 Bf7
48. Kc3 Bg8 49. Ba3 Bf7 50. Kd2 Bg8 51. c3 Bf7 52. Bb4 Bg8 53. Ke3 Bf7 54. Ke2
Bg8 55. Kd2 Bf7 56. Bc5 Bg8 57. Ba3 Bf7 58. c4 Bg8 59. Kc3 Bf7 60. Bb4 Bg8 61.
Bc5 Bf7 62. Bb4 Bg8 63. Ba3 Bf7 64. c5 Ne8 65. c6+ Kxc6 66. Bf8 Kd7 67. Kb4 Kc6
68. Be2 Bg8 69. Bd3 Bf7 70. Be2 Bg8 71. Bd3 1/2-1/2